पर्यावरण अध्ययन (Record no. 1428885)

MARC details
000 -LEADER
fixed length control field 00888nam a22002177a 4500
005 - DATE AND TIME OF LATEST TRANSACTION
control field 20250520130611.0
008 - FIXED-LENGTH DATA ELEMENTS--GENERAL INFORMATION
fixed length control field 250520b |||||||| |||| 00| 0 eng d
020 ## - INTERNATIONAL STANDARD BOOK NUMBER
International Standard Book Number 978-81-208-750-9 (pbk)
037 ## - SOURCE OF ACQUISITION
Terms of availability TB
040 ## - CATALOGING SOURCE
Original cataloging agency BL
Transcribing agency BL
041 ## - LANGUAGE CODE
Source of code hin
Language code of text/sound track or separate title hin
084 ## - COLON CLASSIFICATION NUMBER
Classification number G:55 152Q0
Assigning agency BL
100 ## - MAIN ENTRY--PERSONAL NAME
Personal name त्रिपाठी, दयाशंकर
9 (RLIN) 808976
245 ## - TITLE STATEMENT
Title पर्यावरण अध्ययन
260 ## - PUBLICATION, DISTRIBUTION, ETC.
Place of publication, distribution, etc. दिल्ली, भारत:
Name of publisher, distributor, etc. मोतीलाल बनारसीदास,
Date of publication, distribution, etc. 2010.
300 ## - PHYSICAL DESCRIPTION
Extent 329पृ0
365 ## - TRADE PRICE
Price amount 260.00
Currency code INR
650 ## - SUBJECT ADDED ENTRY--TOPICAL TERM
Source of heading or term पर्यावरण
942 ## - ADDED ENTRY ELEMENTS (KOHA)
Source of classification or shelving scheme Colon Classification (CC)
Koha item type Textbook
Classification part G:55 152Q0
Suppress in OPAC No
Holdings
Withdrawn status Lost status Source of classification or shelving scheme Damaged status Not for loan Home library Current library Date acquired Source of acquisition Cost, normal purchase price Inventory number Total Checkouts Full call number Barcode Date last seen Price effective from Koha item type
    Colon Classification (CC)     Braille Library Braille Library 2025-05-20 ईस्टर्न बुक लिंकर्स 260.00 104 & 2024-12-13   G:55 152Q0 BL0001194 2025-05-20 2025-05-20 Textbook
Copyright @ Delhi University Library System